000 00549nam a2200217Ia 4500
003 OSt
005 20220702102657.0
008 210210b2006 xxu||||| |||| 00| 0 eng d
020 _a81 8281 031 0
040 _cAL
041 _aeng
082 _a338.9 JHIE
100 _aJHINGAN (M L)
_946681
245 _aEconomics of development and planning
250 _a38 Rev
260 _aNew Delhi
_bVrinda Publications Private Limited
_c2006
300 _axix,876
690 _aEconomic Development
_946682
906 _a061465
942 _2ddc
_cBK
999 _c108502
_d108502